000 00565 a2200169 4500
005 20250612160014.0
020 _a978-1-119-88122-3
082 _a657.044 SCH
100 _aSCHROEDER, R. G.
245 _aFinancial Accounting Theory and Analysis: Text and Cases.
250 _a14th Ed
260 _aHoboken,
_bJohn Wiley & Sons,
_c2023.
300 _axi, 688p.: ill.: figure, table
_bIndex
_c25cm
700 _aCLACK, M. W. & CATHEY, J. M.
856 _yAccess Online Book
_fFinancial Accounting
_dwww.wiley.com/go/schroeder/financialaccounting14e
942 _2ddc
_cBKS
999 _c3895
_d3895